| 000 | 00683nam a2200217 i 4500 | ||
|---|---|---|---|
| 001 | 24413 | ||
| 003 | ES-MaACL | ||
| 005 | 20250827091223.0 | ||
| 007 | t| | ||
| 008 | 021217s1969 sp ||||1| spa d | ||
| 245 | 0 | 0 |
_aAntología de cuentos y leyendas _b: primera selección / _c[selección de Carlos González-Castresana]. |
| 260 |
_aBarcelona : _bAcervo, _c1969. |
||
| 300 |
_a450 p. ; _c20 cm. |
||
| 490 | 1 | _aAntologías "Acervo" | |
| 650 | 7 |
_aCuentos _2embne _9175847 |
|
| 650 | 7 |
_aLeyendas _2embne _9136515 |
|
| 700 | 1 |
_aGonzález Castresana, Carlos. _958504 |
|
| 830 | 0 |
_aAntologías "Acervo" _9229091 |
|
| 852 |
_aES-MaACL _jP-1818 _bR.72405 |
||
| 999 |
_c24413 _d24413 |
||